00530nam a22001457a 4500008004100000020001500041050003200056245012900088260004300217300002100260440004100281700002000322700001700342700002500359140910b xxu||||| |||| 00| 0 eng d a0459473808 aKE1232.A45 C36 (1979 vol 4) aCanadian cases on the Law of Torts: annotated 1978 vol 4. /cedited by Lewis N. Klar and John Barnes anf Sanda Rogers-Magnet aToronto:bThe Carswell Co. Ltd.,c1978 axxv,320p.:c23cm pCanadian Cases on the law of tortv4 aKlar, Lewis N. aBarnes, John aRogers-Magnet, Sanda